NLSUI OPAC header image

Key materials in international environmental law (Record no. 22245)

MARC details
000 -LEADER
fixed length control field 00496nam a2200157Ia 4500
008 - FIXED-LENGTH DATA ELEMENTS--GENERAL INFORMATION
fixed length control field 160316s2004 xxu||||| |||| 00| 0 eng d
082 ## - DEWEY DECIMAL CLASSIFICATION NUMBER
Classification number 344.046000
Item number CUL
100 ## - MAIN ENTRY--PERSONAL NAME
Personal name Cullet Philippe
245 ## - TITLE STATEMENT
Title Key materials in international environmental law
250 ## - EDITION STATEMENT
Edition statement
260 ## - PUBLICATION, DISTRIBUTION, ETC.
Place of publication, distribution, etc. Aldershot
Name of publisher, distributor, etc. Ashgate Publishing Ltd
Date of publication, distribution, etc. 2004
300 ## - PHYSICAL DESCRIPTION
Extent 643p
Other physical details
Dimensions xix
365 ## - TRADE PRICE
Price amount Rs.5,990
650 ## - SUBJECT ADDED ENTRY--TOPICAL TERM
Topical term or geographic name entry element 1. Environmental Law - Key Materials <br/>2. International Environmental Law
700 ## - ADDED ENTRY--PERSONAL NAME
Personal name Gowlland-Gualtieri Alix
--
Holdings
Withdrawn status Lost status Damaged status Not for loan Home library Current library Shelving location Date acquired Cost, normal purchase price Total Checkouts Full call number Barcode Date last seen Price effective from Koha item type
        . . Library Compactors 30.05.2017 5990.00   344.046 CUL 20224 30.05.2017 30.05.2017 BOOKs